| 000 | 00413nam a22001697a 4500 | ||
|---|---|---|---|
| 003 | NUST - PNEC | ||
| 005 | 20170116181035.0 | ||
| 008 | 150919b xxu||||| |||| 00| 0 eng d | ||
| 020 | _a- | ||
| 040 | _cLIBRARY | ||
| 082 | _a621.381535 HAK | ||
| 100 |
_911338 _aHakim, S.S. |
||
| 245 |
_aFeedback circuit analysis _cS. S. Hakim |
||
| 260 | _cc.1966 | ||
| 650 |
_911340 _aCircuit analysis _yEE |
||
| 942 |
_2ddc _cBK |
||
| 999 |
_c67899 _d67899 |
||